Copa Mundial de Fútbol - Participante ? #1 - Estadísticas

Estadísticas generales
  • Esta prueba ha sido intentada 83 veces
  • La puntuación promedio es 13 de 15
Estadísticas de respuestas
Hint Respuesta % Correcto
Portugal Correcto
98%
Namibia Incorrecto
97%
Hungría Correcto
95%
Corea del Norte Correcto
95%
Surinam Incorrecto
95%
Malta Incorrecto
94%
Ucrania Correcto
92%
Belice Incorrecto
92%
Panamá Correcto
89%
Uganda Incorrecto
87%
Filipinas Incorrecto
87%
China Correcto
83%
Venezuela Incorrecto
81%
Malí Incorrecto
79%
Guatemala Incorrecto
71%
No se encontraron pruebas coincidentes
Distribución de puntuación
Porcentaje de gente con cada puntuación
Porcentaje por número respondido
Historial de tus puntuaciones
No has intentado esta prueba.